| 000 | 00679nam a22002057a 4500 | ||
|---|---|---|---|
| 005 | 20251006153426.0 | ||
| 010 | _aENG-146946 | ||
| 020 |
_c250.00 _a9789390132775 |
||
| 035 | _aEN-130478 | ||
| 037 |
_bDelivery Books Act Division _a1 |
||
| 082 |
_a230.42 _21 |
||
| 100 |
_aTejparkhi Sirshree _985374 |
||
| 245 |
_aThe Miracle Of Gratitude; _bWhispers of Thanks Echoes of Wonder/ _cSirshree Tejparkhi _hEnglish |
||
| 250 | _a7 | ||
| 260 |
_aPune _bWow Publishings _c2025 |
||
| 270 |
_aHappy Thoughts Building,Vikrant Complex,Near TapovanMandir,Pimpri _bPune _e411017 |
||
| 300 |
_a166p. _c22cm(pb) _bIllus. |
||
| 700 | _985356 | ||
| 942 |
_2ddc _cEN _mTEJ _h230.42 |
||
| 999 |
_c213571 _d213571 |
||